000 00347nam a2200145Ia 4500
003 OSt
008 191201s2010 xx 000 0 und d
082 _a398.2
_bSHC
100 _aSHARMA, Shamim
245 0 _aChopal Pe Tabber Tol
260 _aNew Delhi
_bHaryana Granth Academy
_c2010
300 _a135
650 _aGeneral Books
942 _2ddc
_cBK
999 _c6716
_d6716